| 000 | 00942nam a2200229 a 4500 | ||
|---|---|---|---|
| 001 | 47684 | ||
| 003 | BD-RjUL | ||
| 005 | 20211209054353.0 | ||
| 008 | 160810r1981 bg ||||| |||| 00| 0 ben d | ||
| 035 | _a(BD-RjUL)47803 | ||
| 040 |
_aBD-RjUL _bben _cBD-RjUL |
||
| 041 | _aben | ||
| 082 |
_223 _a822 _bMAD 1981 |
||
| 100 |
_aমার্লো, ক্রিস্টোফার _9144873 |
||
| 245 |
_aডক্টর ফাস্টাস / _cক্রিস্টোফার মার্লো ; জিয়া হায়দার (অনুদিত ও সম্পািত) |
||
| 260 |
_aঢাকা : _bবাঙলা একাডেমী, _c১৯৮১ |
||
| 300 |
_a৫৮ পৃ. ; _c২২ সেমি. |
||
| 650 |
_aইংরেজি নাটক _9144874 |
||
| 650 |
_aEnglish Drama _9144875 |
||
| 700 |
_aহায়দার, জিয়া (অনুদিত ও সম্পািত) _9144876 |
||
| 942 |
_2ddc _cBK |
||
| 999 |
_c47684 _d47684 |
||